| 000 | 01055nam a2200289Ia 4500 | ||
|---|---|---|---|
| 001 | C9255 | ||
| 003 | IT-RoPAU | ||
| 008 | 130308s9999 xx 000 0 und d | ||
| 040 | _aIT-RoPAU | ||
| 040 | _cIT-RoPAU | ||
| 041 | _aITALIANO | ||
| 100 | _aGenero Guido | ||
| 100 | _gCodice Aut. SPICS: 11499 | ||
| 245 | _aRuolo del canto e della musica nella celebrazione dell'eucaristia | ||
| 245 | _bGiovani Liturgia e Musica | ||
| 250 | _a1a ed. | ||
| 260 | _aROMA | ||
| 260 | _bLas | ||
| 260 | _c1994 [1° Ed.:1994 - Ed.Ling.Originale:1994] | ||
| 300 | _a"9 p. (prefazione: no ; testo: 9 [pagine: 167-175])" | ||
| 500 | _aMondo del Suono e Contesto della Musica Rituale. voce Umana per Il Canto Liturgico. Canti della Struttura rituale dell'Eucaristia. rassegna dei Momenti Cantati della celebrazione Eucaristica. Modalità di partecipazione e Ministerialità Differenziata. Varietà di Generi e forme Vocali Strumentali. | ||
| 650 | _aSAGGI MUSICALI | ||
| 650 | _eCodice materia Spics: 7011 | ||
| 942 | _cBK | ||
| 957 | _71 | ||
| 999 |
_c85991 _d85991 |
||
| 999 | _g1 | ||